1940 1874 1185 1484 1961 1131 1027 1326 1183 1275 1867 1794 1836 1251 1984 1834 1263 1979 1805 1360 1734 1685 1141 1449 1503 1034 1073 1444 1576 1802 1735 1482 1342 1446 1924 1914 1298 1419 1608 1765 1592 1482 1628 1575 1621 1763 1012 1353 1705 1502 1604 1285 1013 1342 1573 1734 1906 1831 1141 1737 1784 1117 1743 1150 1268 1075 1069 1775 1064 1705 1223 1802 1654 1663 1038 1557 1898 1617 1143 1088 1421 1284 1523 1573 1175 1224 1717 1527 1658 1166 1589 1517 1398 1127 1903 1954 1379 1814 1295 BCNSPRNW ULIB Ver.6.0+V

เปลี่ยนเป็นภาษาไทย

Change to English
 แสดงรายละเอียดบรรณานุกรม
  กลับหน้าหลัก

Brief Record : Get Marc (ISO 2709) : E-mail record : QR code < ปิดหน้าต่าง
LEADER : 00000nam 2200000uu 4500
001    13399129110
003     ULIB
008    020711s2025 th a 000 0 eng d
020    ^a9780729544603
060    ^aWQ100^bR819P
100    ^aRoslyn Donnellan - Fernandez, Maryam Bazargan, Clare Davison, Michelle Gray, and Kirsten Small
245    ^aPharmacology in Midwifery
250    ^a1st ed
260    ^aAustralia :^bELSEVIER,^c2025
300    ^a457 pages;^c30 cm
650    ^aMidwifery
650    ^aPharmacology
945    ^p1853^l0^i011867
999    ^aประนอม เกษจรัล
รายการนี้ยังไม่มีแท็ก
คุณยังไม่ได้ล็อกอิน คุณสามารถมีกิจกรรมร่วมกับเว็บไซต์ได้ แต่ต้องล็อกอินก่อน ::
  ล็อกอิน

รายการสื่อสารสนเทศ

ลำดับที่ ประเภท เลขเรียก/บาร์โค้ด สถานที่ สถานะ
1. วิทยาศาสตร์การแพทย์ และสุขภาพ
หนังสือสำรอง
สถานะ=หนังสือสำรอง
WQ100 R819P ฉ.1 
  Barcode: 011867
ห้องสมุดวิทยาเขตสวรรค์ประชารักษ์
►หนังสือทั่วไป
บนชั้น

รายการใกล้เคียง
    หัวเรื่อง [Midwifery]
    หัวเรื่อง [Pharmacology]

BibComment


ยังไม่เคยถูกคอมเมนท์

คอมเมนท์ทรัพยากรรายการนี้
  คอมเมนท์: Pharmacology in ..


 Copyright 2026. Bcnsprnw @Library